000 00518cam a22001577a 4500
008 180718b2001 xxu||||| |||| 00| 0 eng d
020 _a8174762779
082 _aI241x54 D15
100 _aDalal, Ramesh
245 _aRajiv Gandhi's assassination: the mystery unfolds
_cby Ramesh Dalal
260 _aNew Delhi
_bUBS Publications
_c2001
300 _a334p.
650 _aIndia --Politics and government --1977-
650 _aPrime ministers --Assassination --India
650 _aGandhi, Rajiv, 1944-1991 --Assassination
999 _c395324
_d395324